Pollution and wildlife

সংরক্ষণ করুন:
গ্রন্থ-পঞ্জীর বিবরন
প্রধান লেখক: Bright, Michael
বিন্যাস: গ্রন্থ
ভাষা:English
প্রকাশিত: New York Gloucester Press 1987
মালা:Survival
বিষয়গুলি:
ট্যাগগুলো: ট্যাগ যুক্ত করুন
কোনো ট্যাগ নেই, প্রথমজন হিসাবে ট্যাগ করুন!
Thư viện lưu trữ: Trung tâm Học liệu Lê Vũ Hùng, Trường Đại học Đồng Tháp
LEADER 00826pam a22002658a 4500
001 00024248
005 20171026081022.0
008 110716s1987 ||||||engsd
020 # # |a 0531170462 (lib. bdg.) 
041 0 # |a eng 
082 1 4 |a 363.73  |b P400L 
100 1 # |a Bright, Michael 
245 1 0 |a Pollution and wildlife  |c Michael Bright 
260 # # |a New York  |b Gloucester Press  |c 1987 
300 # # |a 32 p.  |b ill. (some col.)  |c 30 cm. 
490 # # |a Survival 
500 # # |a Includes index 
650 # 4 |a Môi trường 
650 # 4 |a Wildlife conservation. 
650 # 4 |a Ô nhiễm 
653 # # |a Bảo tồn động vật hoang dã 
852 # # |b Kho đọc  |j KD.0008682 
852 # # |j KD.0008682 
910 0 # |a Ntuyet  |d 16/07/2011 
980 # # |a Trung tâm Học liệu Lê Vũ Hùng, Trường Đại học Đồng Tháp